logo

Bir Sreshtho Munshi Abdur Rouf Library
Jhenaidah Cadet College

Goodnight Stories / (Record no. 13462)

MARC details
000 -LEADER
fixed length control field 00622nam a2200229 a 4500
001 - CONTROL NUMBER
JCCL Control Number 13462
003 - CONTROL NUMBER IDENTIFIER
JCCL marc code BD-JhCC
005 - DATE AND TIME OF LATEST TRANSACTION
control field 20231005110611.0
008 - FIXED-LENGTH DATA ELEMENTS--GENERAL INFORMATION
fixed length control field 231005b20132021ii a|||| ||a| 000 0 eng d
020 ## - INTERNATIONAL STANDARD BOOK NUMBER
International Standard Book Number 9788179207604
035 ## - SYSTEM CONTROL NUMBER
system control number (BD-JhCC)13462
040 ## - CATALOGING SOURCE
Original cataloging agency BD-JhCC
Modifying agency BD-JhCC
041 ## - LANGUAGE CODE
Language code of Book English
082 ## - DEWEY DECIMAL CLASSIFICATION NUMBER
Classification number 398.2
Author mark and Year GOO 2021
245 ## - TITLE STATEMENT
Title Goodnight Stories /
Statement of responsibility, etc Parragon Publishing.
260 ## - PUBLICATION, DISTRIBUTION, ETC. (IMPRINT)
Place of publication, distribution, etc India:
Name of publisher, distributor, etc Shanti Publications;
Date of publication, distribution, etc 2021.
300 ## - PHYSICAL DESCRIPTION
Pagination 144 p. :
Other physical details ill;
Dimensions 26 cm.
650 ## - SUBJECT ADDED ENTRY--TOPICAL TERM
Topical term or geographic name as entry element Children's poetry
General subdivision Children's stories
Chronological subdivision Fairy tales
700 ## - ADDED ENTRY--PERSONAL NAME
Personal name Publishing,Parragon
942 ## - ADDED ENTRY ELEMENTS (KOHA)
Source of classification or shelving scheme Dewey Decimal Classification
Koha item type Books
Holdings
Source of classification or shelving scheme Damaged status Not for loan Home library Current library Shelving location Date of accession Cost, normal purchase price Total Checkouts Full call number Barcode Date last seen Copy number Method of acquisition Koha item type Currency
Dewey Decimal Classification     JCC Rouf Library JCC Rouf Library General Stacks 10/05/2023 360.00   398.2 GOO 2021 18356 10/05/2023 C-1 Purchase Books BDT

JCC Library | Contacts | JCC Home

Last Update on 23 September 2017
Copyright @ 2017-2020 JCC Rouf Library
Rouf Library, Jhenidah Cadet College (JCC), Bangladesh